000 nam a22 7a 4500
999 _c7702
_d7702
008 170929b xxu||||| |||| 00| 0 eng d
020 _a9788131803905
100 _aGupta Pramanand
_94187
245 _aMathematics class - XII
260 _aNew Delhi
_bLaxmi Publication